Prestressed Concreate/ (Record no. 198404)
[ view plain ]
| 000 -LEADER | |
|---|---|
| fixed length control field | 00698nam a22002057a 4500 |
| 005 - DATE AND TIME OF LATEST TRANSACTION | |
| control field | 20230919173147.0 |
| 010 ## - LCCN (DPL NO) | |
| LC control number | ENG-138182 |
| 020 ## - INTERNATIONAL STANDARD BOOK NUMBER | |
| International Standard Book Number | 9789383959495 |
| Terms of availability | 640.00 |
| 035 ## - SYSTEM CONTROL NUMBER | |
| System control number | EN-121714 |
| 037 ## - SOURCE OF ACQUISITION | |
| Source of stock number/acquisition | DBAD/PUB |
| 082 ## - DEWEY DECIMAL CLASSIFICATION NUMBER | |
| Classification number | 624.18341 |
| Edition number | First 2023 |
| 100 ## - MAIN ENTRY--PERSONAL NAME | |
| Personal name | Gopi, R |
| 245 ## - TITLE STATEMENT | |
| Title | Prestressed Concreate/ |
| Statement of responsibility, etc | By R Gopi and N Krishna Rao |
| 250 ## - EDITION STATEMENT | |
| Edition statement | First 2023 |
| 260 ## - PUBLICATION, DISTRIBUTION, ETC. (IMPRINT) | |
| Place of publication, distribution, etc | Hyderabad |
| Name of publisher, distributor, etc | Spectrum Publications |
| Date of publication, distribution, etc | 2023 |
| 270 ## - ADDRESS | |
| City | Hyderabad |
| Address | 326/C, Level -1 Near B K Guda Park, S R Nagar |
| Postal code | 500038 |
| Telephone number | +914023710657 |
| -- | +91238000657 |
| Fax number | +914023810657 |
| 300 ## - PHYSICAL DESCRIPTION | |
| Extent | xvi,256p. |
| Dimensions | 24cm(hbk) |
| Other physical details | Index |
| 700 ## - ADDED ENTRY--PERSONAL NAME | |
| Personal name | Rao, N Krishna |
| Relator term | Author |
| 9 (RLIN) | 56915 |
| 942 ## - ADDED ENTRY ELEMENTS (KOHA) | |
| Source of classification or shelving scheme | Dewey Decimal Classification |
| Item type | English Books |
| Classification part | 624.18341 |
| Call number suffix | GOP |
| Withdrawn status | Lost status | Not for loan | Home library | Current library | Date acquired | Source of acquisition | Cost, normal purchase price | Full call number | Barcode | Copy number | Cost, replacement price | Koha item type |
|---|---|---|---|---|---|---|---|---|---|---|---|---|
| D.B.Act.Division | Mobile Library | 19/09/2023 | DBAD/PUB | 640.00 | 624.18341 GOP | EN-121714 | 1 | 640.00 | English Books |
